| 000 | 005880000a22001930004500 | ||
|---|---|---|---|
| 001 | 5134 | ||
| 100 | _a20001031d1986 k y0pory5003 ba | ||
| 101 | 0 | _apor | |
| 102 | _aPT | ||
| 200 | 1 |
_aA dama pé-de-cabra _fAlexandre Herculano _gpref. Agustina Bessa Luis |
|
| 210 |
_aLisboa _cRolim _d1986 |
||
| 215 | _a58 p. | ||
| 225 | 2 |
_aFantástico _v24 |
|
| 675 |
_a869.0-3 _vBN _zpor |
||
| 700 | 1 |
_948870 _aHerculano _bAlexandre _f1810-1877 |
|
| 702 | 1 |
_928754 _aLuís _bAgustina Bessa _f1922-2019 _4450 |
|
| 090 | _a5134 | ||
| 942 |
_cMON _n0 |
||
| 999 | _a5134 | ||